Caricamento...

Rural development : modern trends and techniques /

Dettagli Bibliografici
Autore principale: Rana, T H
Natura: Printed Book
Lingua:English
Pubblicazione: Jaipur: Shree Niwas publications, 2017.
Soggetti:
LEADER 00646 a2200169 4500
008 161223b xxu||||| |||| 00| 0 eng d
999 |c 113225  |d 113225 
020 |a 9789350321423 
082 |a 307.14120954 
100 |a Rana, T H 
245 |a Rural development :  |b modern trends and techniques /  |c T H Rana 
260 |b Shree Niwas publications,  |c 2017.  |a Jaipur: 
300 |a 2V. v1, 298p.  |c 23cm. 
650 |a Rural development 
650 |a India 
942 |2 ddc  |c BK 
952 |0 0  |1 0  |4 0  |6 307_141209540000000_RAN_R_1  |7 0  |9 120060  |a UL  |b UL  |c ST1  |d 2016-12-28  |e 176  |g 2520.00  |h Vol. 1  |l 1  |o 307.14120954 RAN/R.1  |p 95154  |r 2019-10-15  |s 2019-10-01  |v 3500.00  |x Set of 2 volumes  |y BK